000 00991nam a22003257a 4500
001 0052894
003 KOHA_MİRAKIL
005 20260207003859.0
007 ta
008 150629b2014 tu |||gr||||#||||0|tu# |
020 _a9786058553965
040 _aTR-BiSEU
_btur
_cTR-BiSEU
_erda
041 0 _atu
044 _ctu
050 _aKKX1942
_b.K39 2014
100 1 _aKaya, Kerime.
245 1 _aİflasın Ertelenmesi ve Paradoks/
_cKerime Kaya ; Kerime Kaya.
250 _a3. Baskı
264 1 _aİstanbul :
_bToplumsal Dönüşüm Yayınları
_c2014
300 _a292 sayfa ;
_c21 cm.
336 _ametin
_btxt
_2rdacontent
337 _aaracısız
_bn
_2rdamedia
338 _acilt
_bnc
_2rdacarrier
490 1 _aToplumsal Dönüşüm yayınları ;
_v24.
490 1 _aAraştırma-İnceleme ;
_v13.
650 0 _aİflas--Türkiye.
_994479
830 1 _aToplumsal Dönüşüm yayınları ;
_v24.
_97543
830 1 _aAraştırma-İnceleme ;
_v13.
_96252
942 _2lcc
_cBK
999 _c52708
_d52708